... E siamo partite| : migrazione, tratta e prostituzione straniera in Italia /
Gorde:
| Beste egile batzuk: | , |
|---|---|
| Formatua: | Liburua |
| Hizkuntza: | italiera |
| Argitaratua: |
Firenze :
Giunti,
2003
|
| Saila: | Astrea ;
79 |
| Gaiak: | |
| Etiketak: |
Etiketarik gabe, Izan zaitez lehena erregistro honi etiketa jartzen!
|
MARC
| LEADER | 00000nam a2200000 i 4500 | ||
|---|---|---|---|
| 001 | IT\ICCU\VIA\0099295 | ||
| 003 | ItRI | ||
| 005 | 20260115231859.0 | ||
| 008 | 030311s2003 it |||||| ||||| |||||c | ||
| 015 | |2 IT |a 2004-1393 | ||
| 020 | |a 8809029437 | ||
| 040 | |b ita |c importazione bologna sebina | ||
| 041 | 7 | |a ita |2 ISO-639-2 | |
| 082 | |a 306.7420922 |9 ISTITUZIONI ATTINENTI ALLE RELAZIONI TRA I SESSI. PROSTITUZIONE FEMMINILE. Gruppi di persone |2 21 | ||
| 082 | |a 363.440945 |9 PROBLEMI E CONTROVERSIE DELLA MORALE PUBBLICA E DEI COSTUMI. PROSTITUZIONE. Italia |2 21 | ||
| 245 | 0 | 4 | |a ... E siamo partite| : |b migrazione, tratta e prostituzione straniera in Italia / |c °a cura di! Carla Corso, Ada Trifirò. |
| 260 | |a Firenze : |b Giunti, |c 2003 | ||
| 300 | |a 219 p. ; |c 20 cm. | ||
| 650 | 7 | |a Donne immigrate |x Italia |x Diari e memorie |2 scbi | |
| 650 | 7 | |a Prostituzione |x Italia |x Diari e memorie |2 scbi | |
| 700 | 1 | |a Corso, Carla |0 IT\ICCU\CFIV\104032 | |
| 700 | 1 | |a Trifiró, Ada |0 IT\ICCU\MILV\271277 | |
| 830 | 0 | |a Astrea ; |v 79 |0 IT\ICCU\CFI\0038812 | |
| 942 | |2 ddc |c BK |n 0 | ||
| 952 | |0 0 |1 0 |4 0 |6 DOC_306_742000000000000_COR |7 0 |9 15143 |a BO |b BO |d 2026-01-15 |i 15804 |l 0 |o DOC 306.742 COR |p BO15804 |r 2026-01-15 23:18:59 |w 2026-01-15 |x [Sebina 5] [1 v.] |y BK |z 1 v. | ||
| 999 | |c 13032 |d 13032 | ||